[Event "?"]
[Site "gics unrated blitz game, gics"]
[Date "1997.??.??"]
[Round "?"]
[White "Brause"]
[Black "Betrueger"]
[Result "1-0"]
[WhiteElo "2330"]
[BlackElo "2315"]
[PlyCount "41"]

1. e4 e5 2. Nf3 Nc6 3. Nc3 Nf6 4. Nxe5 Nxe5 5. d4 Ng6 6. e5 Ng8 7. Bc4 d6 8.
Qf3 Qe7 9. Bb5+ c6 10. Bxc6+ bxc6 11. Qxc6+ Qd7 12. Qxa8 dxe5 13. Be3 exd4 14.
Bxd4 Nf6 15. O-O Be7 16. Rad1 Qb7 17. Qxb7 Bxb7 18. Rfe1 O-O 19. Rxe7 Nxe7 20.
Bxf6 gxf6 21. Rd7 1-0

[Event "?"]
[Site "gics unrated blitz game, gics"]
[Date "1997.??.??"]
[Round "?"]
[White "Brause"]
[Black "Betrueger"]
[Result "1-0"]
[WhiteElo "2325"]
[BlackElo "2340"]
[PlyCount "37"]

1. e4 e5 2. Nf3 Nc6 3. Nc3 Nf6 4. Nxe5 Nxe5 5. d4 Ng6 6. e5 Ng8 7. Bc4 d6 8.
Qf3 Be6 9. Qxb7 Rb8 10. Bb5+ Bd7 11. Bxd7+ Kxd7 12. Qxa7 dxe5 13. dxe5 Nxe5 14.
Bg5 Nf6 15. O-O-O+ Bd6 16. Rxd6+ Kxd6 17. Rd1+ Kc6 18. Qa4+ Kc5 19. Be3+ 1-0

[Event "?"]
[Site "gics unrated blitz game, gics"]
[Date "1997.??.??"]
[Round "?"]
[White "Brause"]
[Black "Lichtzahn"]
[Result "0-1"]
[WhiteElo "2355"]
[BlackElo "2555"]
[PlyCount "109"]

1. e4 e5 2. Nf3 Nc6 3. Nc3 Nf6 4. Nxe5 Nxe5 5. d4 Ng6 6. e5 Ng8 7. Bc4 c6 8.
Qf3 d5 9. exd6 Be6 10. Bxe6 fxe6 11. Ne4 Qa5+ 12. Bd2 Qf5 13. h4 h5 14. c4 Qxf3
15. gxf3 Nh6 16. Bxh6 Rxh6 17. O-O-O O-O-O 18. c5 Nf4 19. Kb1 Kd7 20. Rhe1 Rg6
21. Ng5 Rf6 22. Nh7 Rh6 23. Ng5 Ke8 24. Re4 Rf6 25. d5 cxd5 26. Rxf4 Rxf4 27.
Nxe6 Rf5 28. Nxd8 Kxd8 29. Rd3 b6 30. b4 Rf4 31. a3 d4 32. Kc2 Kd7 33. Kb3 Kc6
34. Kc4 bxc5 35. bxc5 Rf5 36. Rxd4 Rxc5+ 37. Kb3 Bxd6 38. Ra4 a5 39. Rd4 Rf5
40. Rc4+ Kd5 41. Rc3 Rf4 42. Rd3+ Rd4 43. Rc3 Rxh4 44. Re3 Rd4 45. Kb2 h4 46.
Re1 Rd2+ 47. Kb3 Rd3+ 48. Kc2 Rxf3 49. Rd1+ Kc6 50. Rf1 Bxa3 51. Rg1 Rxf2+ 52.
Kd3 Bb2 53. Rg5 Rf3+ 54. Ke2 Re3+ 55. Kf1 0-1

[Event "?"]
[Site "gics unrated blitz game, gics"]
[Date "1997.??.??"]
[Round "?"]
[White "Brause"]
[Black "Betrueger"]
[Result "1-0"]
[WhiteElo "2355"]
[BlackElo "2315"]
[PlyCount "41"]

1. e4 e5 2. Nf3 Nc6 3. Nc3 Nf6 4. Nxe5 Nxe5 5. d4 Ng6 6. e5 Ng8 7. Bc4 d6 8.
Qf3 Qd7 9. O-O dxe5 10. dxe5 Nxe5 11. Re1 Bd6 12. Bf4 f6 13. Bb5 c6 14. Rad1
Qe6 15. Qg3 g5 16. Bxe5 Bxe5 17. f4 cxb5 18. fxe5 Ne7 19. exf6 Qb6+ 20. Re3 Be6
21. Rd6 1-0

[Event "?"]
[Site "gics unrated blitz game, gics"]
[Date "1997.??.??"]
[Round "?"]
[White "Brause"]
[Black "Betrueger"]
[Result "1-0"]
[WhiteElo "2355"]
[BlackElo "2315"]
[PlyCount "35"]

1. e4 e5 2. Nf3 Nc6 3. Nc3 Nf6 4. Nxe5 Nxe5 5. d4 Ng6 6. e5 Ng8 7. Bc4 d6 8.
Qf3 Qd7 9. O-O a6 10. Re1 dxe5 11. dxe5 Qf5 12. e6 N8e7 13. exf7+ Kd8 14. Qd1+
Qd7 15. Be6 Qd6 16. Ne4 Qxd1 17. Rxd1+ Nd5 18. Bg5+ 1-0

[Event "?"]
[Site "gics unrated blitz game, gics"]
[Date "1997.??.??"]
[Round "?"]
[White "Brause"]
[Black "Betrueger"]
[Result "1-0"]
[WhiteElo "2355"]
[BlackElo "2315"]
[PlyCount "61"]

1. e4 e5 2. Nf3 Nc6 3. Nc3 Nf6 4. Nxe5 Nxe5 5. d4 Ng6 6. e5 Ng8 7. Bc4 d6 8.
Qf3 Qd7 9. O-O c6 10. exd6 Bxd6 11. Re1+ Kf8 12. Ne4 Nf6 13. Nxf6 gxf6 14. Bh6+
Kg8 15. Qxf6 Bf8 16. Bxf8 Kxf8 17. Re6 b5 18. Rae1 bxc4 19. Re8+ Qxe8 20. Rxe8+
Kxe8 21. Qxc6+ Bd7 22. Qxa8+ Ke7 23. Qxa7 Rc8 24. h3 Ke8 25. d5 Ne7 26. Qd4 Bf5
27. g4 Bxc2 28. d6 Rd8 29. Qe5 Rd7 30. Qh8+ Ng8 31. Qxg8# 1-0

[Event "?"]
[Site "gics unrated blitz game, gics"]
[Date "1997.??.??"]
[Round "?"]
[White "Brause"]
[Black "Betrueger"]
[Result "1-0"]
[WhiteElo "2355"]
[BlackElo "2315"]
[PlyCount "43"]

1. e4 e5 2. Nf3 Nc6 3. Nc3 Nf6 4. Nxe5 Nxe5 5. d4 Nc6 6. d5 Nb8 7. e5 Ng8 8. d6
cxd6 9. exd6 Bxd6 10. Qxd6 Qe7+ 11. Qxe7+ Nxe7 12. Nb5 Na6 13. Nd6+ Kf8 14.
Bxa6 bxa6 15. Be3 Nd5 16. Bc5 Kg8 17. O-O-O Nf6 18. Bd4 h5 19. Nxc8 Rxc8 20.
Bxf6 gxf6 21. Rxd7 Kg7 22. Rxa7 1-0

[Event "?"]
[Site "gics unrated blitz game, gics"]
[Date "1997.??.??"]
[Round "?"]
[White "Brause"]
[Black "Betrueger"]
[Result "1-0"]
[WhiteElo "2355"]
[BlackElo "2315"]
[PlyCount "25"]

1. e4 e5 2. Nf3 Nc6 3. Nc3 Nf6 4. Nxe5 Nxe5 5. d4 Nc6 6. d5 Nb8 7. e5 Ng8 8. d6
c6 9. Bc4 f6 10. Qh5+ g6 11. exf6 Qxf6 12. Qe2+ Kd8 13. Ne4 1-0

[Event "?"]
[Site "gics unrated blitz game, gics"]
[Date "1997.??.??"]
[Round "?"]
[White "Brause"]
[Black "Betrueger"]
[Result "1-0"]
[WhiteElo "2355"]
[BlackElo "2315"]
[PlyCount "94"]

1. e4 e5 2. Nf3 Nc6 3. Nc3 Nf6 4. Nxe5 Nxe5 5. d4 Ng6 6. e5 Ng8 7. Bc4 d5 8.
Bxd5 c6 9. Bb3 Be6 10. O-O Bxb3 11. axb3 Be7 12. f4 f5 13. exf6 Nxf6 14. f5 Nf8
15. Re1 Qd7 16. Qd3 g6 17. Ra5 Kf7 18. Bh6 b5 19. Ra6 Qxf5 20. Qxf5 gxf5 21.
Rxc6 b4 22. Nb5 Ng6 23. Rf1 Rac8 24. Nxa7 Rxc6 25. Nxc6 Rc8 26. Nxe7 Nxe7 27.
Rc1 Ne4 28. Kf1 Ke6 29. Ke2 Nd5 30. Kf3 Ndf6 31. Bf4 Kd5 32. Be3 Ng4 33. h3
Nxe3 34. Kxe3 h5 35. Rf1 Nd6 36. Rf2 Re8+ 37. Kd3 Re4 38. c4+ Ke6 39. Re2 Rxe2
40. Kxe2 Ne4 41. Kd3 h4 42. Ke3 Kf6 43. Ke2 Kg5 44. Kf3 Kf6 45. Ke3 Kg5 46. c5
Kf6 47. Kd3 Ke6 1-0

[Event "?"]
[Site "gics unrated blitz game, gics"]
[Date "1997.??.??"]
[Round "?"]
[White "Brause"]
[Black "Betrueger"]
[Result "1-0"]
[WhiteElo "2355"]
[BlackElo "2315"]
[PlyCount "101"]

1. e4 e5 2. Nf3 Nc6 3. Nc3 Nf6 4. Nxe5 Nxe5 5. d4 Ng6 6. e5 Ng8 7. Bc4 d5 8.
Bxd5 c6 9. Bb3 Be6 10. O-O Be7 11. Ne4 Bd5 12. Qd3 f6 13. exf6 Nxf6 14. Ng5 O-O
15. Ne6 Bxe6 16. Bxe6+ Kh8 17. Re1 Nd5 18. Qe4 Bf6 19. c3 Qd6 20. Bf5 Nde7 21.
Bg4 Qd5 22. Be6 Qxe4 23. Rxe4 Rae8 24. Bd2 Nd5 25. Rae1 Nc7 26. Bf5 Rxe4 27.
Bxe4 Re8 28. Kf1 Kg8 29. Bxg6 Rxe1+ 30. Kxe1 hxg6 31. Ke2 Kf7 32. Ke3 Ke6 33.
Ke4 b5 34. b3 Ne8 35. a4 Nd6+ 36. Kd3 a6 37. a5 Kd5 38. b4 Ne4 39. Be3 Bg5 40.
f3 Nxc3 41. Bxg5 Nd1 42. Kc2 Nf2 43. Be3 Nh1 44. Kd3 g5 45. Kc3 g6 46. Bxg5 Nf2
47. Bf4 Nd1+ 48. Kc2 Nf2 49. Be3 Nh1 50. Kd3 Ke6 51. Ke4 1-0

[Event "?"]
[Site "gics unrated blitz game, gics"]
[Date "1997.??.??"]
[Round "?"]
[White "Brause"]
[Black "Betrueger"]
[Result "1-0"]
[WhiteElo "2355"]
[BlackElo "2315"]
[PlyCount "47"]

1. e4 e5 2. Nf3 Nc6 3. Nc3 Nf6 4. Nxe5 Nxe5 5. d4 Ng6 6. e5 Ng8 7. Bc4 d5 8.
Bxd5 c6 9. Bb3 Be6 10. O-O Be7 11. Ne4 Bd5 12. Re1 Qd7 13. Nd6+ Bxd6 14. exd6+
Kf8 15. c4 Be6 16. c5 Bxb3 17. Qxb3 Nf6 18. Bd2 Re8 19. Rxe8+ Kxe8 20. Qa4 a6
21. Re1+ Kd8 22. Bg5 Re8 23. Bxf6+ gxf6 24. Qa5+ 1-0

[Event "?"]
[Site "gics unrated blitz game, gics"]
[Date "1997.??.??"]
[Round "?"]
[White "Brause"]
[Black "Betrueger"]
[Result "1-0"]
[WhiteElo "2355"]
[BlackElo "2315"]
[PlyCount "99"]

1. e4 e5 2. Nf3 Nc6 3. Nc3 Nf6 4. Nxe5 Nxe5 5. d4 Ng6 6. e5 Ng8 7. Bc4 d5 8.
Bxd5 c6 9. Bb3 Be6 10. O-O Be7 11. Ne4 Bd5 12. Re1 Qd7 13. Nd6+ Bxd6 14. exd6+
Kf8 15. c4 Be6 16. c5 Bxb3 17. Qxb3 Nf6 18. Qc4 h6 19. Qd3 Re8 20. Rxe8+ Qxe8
21. Bd2 Qd7 22. Re1 Nd5 23. Qa3 a6 24. Qg3 Kg8 25. f4 Kh7 26. Qf3 f5 27. Qf1
Re8 28. Rxe8 Qxe8 29. Qb1 Qe6 30. g3 Nf6 31. b3 Ne4 32. Qd3 Nf8 33. Ba5 Nd7 34.
Qc4 Qxc4 35. bxc4 Kg6 36. Kg2 Kf6 37. Kf3 Ke6 38. Bb4 g6 39. a4 b6 40. d5+ cxd5
41. c6 Ndc5 42. d7 Ke7 43. cxd5 a5 44. Ba3 Kd8 45. Ke3 Nxa4 46. Kd4 b5 47. Bf8
b4 48. d6 Nxd6 49. Bxd6 b3 50. Be5 1-0

[Event "?"]
[Site "gics unrated blitz game, gics"]
[Date "1997.??.??"]
[Round "?"]
[White "Brause"]
[Black "Betrueger"]
[Result "0-1"]
[WhiteElo "2355"]
[BlackElo "2315"]
[PlyCount "123"]

1. e4 e5 2. Nf3 Nc6 3. Nc3 Nf6 4. Nxe5 Nxe5 5. d4 Ng6 6. e5 Ng8 7. Bc4 d5 8.
Bxd5 c6 9. Bb3 Be6 10. O-O Be7 11. Ne4 Bd5 12. Re1 Qd7 13. Nd6+ Bxd6 14. exd6+
Kf8 15. c4 Be6 16. c5 Bxb3 17. Qxb3 Nf6 18. Bd2 h6 19. f4 Nd5 20. Qf3 f5 21. b4
a6 22. Re2 Kf7 23. Rae1 Rhe8 24. Qh5 Nf6 25. Qh3 Rxe2 26. Rxe2 Re8 27. Rxe8
Nxe8 28. Qb3+ Kf8 29. d5 Nf6 30. dxc6 Qxc6 31. Qe6 Qe4 32. Qxe4 Nxe4 33. Be3
Ke8 34. g3 Nf8 35. Bd4 Ne6 36. Be5 Kd7 37. g4 g6 38. gxf5 gxf5 39. a3 Kc6 40.
Kg2 Nd2 41. Kf2 Nc4 42. Bc3 Nxa3 43. Ke1 a5 44. bxa5 Nc4 45. Bb4 Kb5 46. Bc3
Nxc5 47. Bg7 h5 48. Bf8 Nxa5 49. Kf1 Kc6 50. Be7 Nc4 51. Ke2 Nxd6 52. Bf6 Nde4
53. Be5 Kd5 54. Ke3 b5 55. h3 b4 56. Bb2 Kc4 57. Ba1 b3 58. Kf3 Nd3 59. h4 b2
60. Bxb2 Nxb2 61. Kg2 Kd3 62. Kf3 0-1

[Event "?"]
[Site "gics unrated blitz game, gics"]
[Date "1997.??.??"]
[Round "?"]
[White "Brause"]
[Black "Betrueger"]
[Result "0-1"]
[WhiteElo "2355"]
[BlackElo "2315"]
[PlyCount "75"]

1. e4 e5 2. Nf3 Nc6 3. Nc3 Nf6 4. Nxe5 Nxe5 5. d4 Ng6 6. e5 Ng8 7. Bc4 d5 8.
Bxd5 c6 9. Bb3 Be6 10. O-O Be7 11. Ne4 Bd5 12. Re1 Qd7 13. Nd6+ Bxd6 14. exd6+
Kf8 15. c4 Be6 16. c5 Bxb3 17. Qxb3 Nf6 18. Bd2 h6 19. f4 Nd5 20. Rad1 f5 21.
a4 Kf7 22. Re2 Rhf8 23. Rde1 Rfe8 24. Qg3 Rxe2 25. Rxe2 Re8 26. Rxe8 Qxe8 27.
Kf1 Qe4 28. Qb3 Ngxf4 29. Bxf4 Qxf4+ 30. Ke2 Qe4+ 31. Kf1 Ke6 32. Qxb7 Ne3+ 33.
Kf2 Ng4+ 34. Kg3 Qe1+ 35. Kh3 Nf2+ 36. Kh4 Qe4+ 37. Kg3 Qe3+ 38. Kh4 0-1

[Event "?"]
[Site "gics unrated blitz game, gics"]
[Date "1997.??.??"]
[Round "?"]
[White "Brause"]
[Black "Betrueger"]
[Result "1/2-1/2"]
[WhiteElo "2355"]
[BlackElo "2315"]
[PlyCount "157"]

1. e4 e5 2. Nf3 Nc6 3. Nc3 Nf6 4. Nxe5 Nxe5 5. d4 Ng6 6. e5 Ng8 7. Bc4 d5 8.
Bxd5 c6 9. Bb3 Be6 10. O-O Be7 11. Ne4 Bd5 12. Re1 Qd7 13. c4 Bxe4 14. Rxe4
O-O-O 15. Qh5 Kb8 16. Be3 Ka8 17. d5 cxd5 18. cxd5 f6 19. d6 Bf8 20. Bxg8 Nxe5
21. Bd5 Bxd6 22. Rd1 Qb5 23. Bb3 h6 24. Bd4 Qc6 25. Qf5 Bb8 26. Rde1 Qd7 27.
Be6 Qd6 28. Bxe5 fxe5 29. Qg4 g5 30. b3 Rhe8 31. Bc4 a6 32. Qh5 Ba7 33. R4e2
Bd4 34. Qf3 Ka7 35. Qe4 Rf8 36. Qh7 Rf6 37. h3 Rdf8 38. Rf1 Qb6 39. Qc2 h5 40.
Kh2 Rxf2 41. Rfxf2 Rxf2 42. Rxf2 Bxf2 43. Qe4 h4 44. a4 Bg3+ 45. Kh1 Qf2 46.
Qf3 Qe1+ 47. Qf1 Qxf1+ 48. Bxf1 Bf2 49. Bd3 Kb6 50. Be4 Kc7 51. Kh2 b6 52. b4
a5 53. bxa5 bxa5 54. Kh1 Kd6 55. Kh2 Kc5 56. Bf5 Kd4 57. Kh1 Ke3 58. Kh2 e4 59.
Bg6 Kd4 60. g3 Bxg3+ 61. Kg2 Ke3 62. Kf1 Kf3 63. Bh5+ Kf4 64. Bg4 e3 65. Bh5
Bf2 66. Ke2 Ke4 67. Bf3+ Kd4 68. Bh5 Kc5 69. Kd3 Kb4 70. Be8 g4 71. hxg4 h3 72.
Bc6 h2 73. g5 Bh4 74. g6 Bf6 75. Kxe3 h1=Q 76. Bxh1 Kxa4 77. Ke4 Kb4 78. Kf5
Bc3 79. Bd5 1/2-1/2

[Event "?"]
[Site "gics unrated blitz game, gics"]
[Date "1997.??.??"]
[Round "?"]
[White "Brause"]
[Black "Betrueger"]
[Result "1-0"]
[WhiteElo "2355"]
[BlackElo "2315"]
[PlyCount "129"]

1. e4 e5 2. Nf3 Nc6 3. Nc3 Nf6 4. Nxe5 Nxe5 5. d4 Ng6 6. e5 Ng8 7. Bc4 d5 8.
Bxd5 c6 9. Bb3 Be6 10. O-O Be7 11. Ne4 Bd5 12. Ng3 Bh4 13. Nf5 Kf8 14. Qd3 N8e7
15. Nd6 Nc8 16. Nxb7 Qc7 17. Nc5 Be7 18. f4 Bxc5 19. dxc5 Bxb3 20. cxb3 Nge7
21. f5 Nd5 22. Qd4 h5 23. f6 g6 24. Bf4 Qd7 25. Qd2 Qe6 26. Bh6+ Kg8 27. Rf3 a6
28. Re1 Na7 29. Re4 Nb5 30. Qg5 Nbc7 31. Rf1 Qd7 32. Qd2 Ne6 33. Rc4 Rd8 34.
Qc1 Qc7 35. Re1 Kh7 36. Bd2 Rd7 37. Re2 Rhd8 38. Qc2 Kg8 39. Rh4 Qb7 40. Ba5
Ndc7 41. Re1 Rd5 42. Rb4 Qc8 43. Rc4 Rd4 44. Rxd4 Rxd4 45. Bc3 Rd5 46. b4 Qd7
47. Qa4 Nb5 48. Qxa6 Rd1 49. Kf2 Rxe1 50. Kxe1 Nf4 51. Qa8+ Kh7 52. Qf8 Ne6 53.
Qe7 Qxe7 54. fxe7 Nec7 55. Ke2 g5 56. a4 Na7 57. Bd2 Kg6 58. Kd3 Nc8 59. b5
cxb5 60. e8=Q Nxe8 61. axb5 Kf5 62. Kc4 Kxe5 63. Bxg5 f6 64. Bd2 Ne7 65. b6 1-0

[Event "?"]
[Site "gics rated lightning game, gi"]
[Date "1997.??.??"]
[Round "?"]
[White "Brause"]
[Black "Wildsau"]
[Result "0-1"]
[WhiteElo "2230"]
[BlackElo "2390"]
[PlyCount "58"]

1. e4 e5 2. Nf3 Nf6 3. Nc3 Nc6 4. Nxe5 Nxe5 5. d4 Ng6 6. e5 Ng8 7. Bc4 d6 8.
Qf3 Qd7 9. O-O dxe5 10. dxe5 c6 11. Re1 Qc7 12. Bg5 Be6 13. Bxe6 fxe6 14. Rad1
Be7 15. Bxe7 N8xe7 16. Qg4 Nf5 17. Qc4 Qf7 18. Qb4 Qe7 19. Qe4 O-O 20. Re2 Rfd8
21. Rde1 Qg5 22. Rf1 Nf4 23. Ree1 Rd4 24. Qf3 Nxg2 25. Qxg2 Rg4 26. Qxg4 Qxg4+
27. Kh1 Qf3+ 28. Kg1 Nh4 29. Rd1 Qg2# 0-1

[Event "?"]
[Site "gics rated lightning game, gi"]
[Date "1997.??.??"]
[Round "?"]
[White "Brause"]
[Black "Wildsau"]
[Result "1-0"]
[WhiteElo "2225"]
[BlackElo "2400"]
[PlyCount "93"]

1. e4 e5 2. Nf3 Nf6 3. Nc3 Nc6 4. Nxe5 Nxe5 5. d4 Nc6 6. d5 Ne5 7. f4 Ng6 8. e5
Ng8 9. d6 cxd6 10. exd6 Qh4+ 11. g3 Qf6 12. Nb5 Kd8 13. Be3 Qxb2 14. Bd4 Qb4+
15. c3 Qa5 16. f5 Ne5 17. Bxe5 a6 18. Qh5 axb5 19. Qxf7 Nh6 20. Bf6+ gxf6 21.
Qxf6+ Ke8 22. Be2 Ng4 23. Bxg4 h5 24. Kf1 Qxc3 25. Qxc3 Rh6 26. Bxh5+ Rxh5 27.
Qf6 Rxf5+ 28. Qxf5 Bxd6 29. Re1+ Kd8 30. Qf6+ Kc7 31. Rc1+ Kb6 32. Qxd6+ Ka7
33. Qa3+ Kb8 34. Qxa8+ Kxa8 35. Rxc8+ Ka7 36. Kf2 d5 37. Rd1 Kb6 38. Rxd5 Ka6
39. Rcc5 b6 40. Rxb5 Kb7 41. Rd6 Kc7 42. Rbxb6 Kc8 43. Rbc6+ Kb7 44. a4 Ka8 45.
Rd7 Kb8 46. Rcc7 Ka8 47. Rd8# 1-0

[Event "?"]
[Site "gics rated lightning game, gi"]
[Date "1997.??.??"]
[Round "?"]
[White "Brause"]
[Black "pie"]
[Result "1-0"]
[WhiteElo "2235"]
[BlackElo "1805"]
[PlyCount "31"]

1. e4 e5 2. Nf3 Nc6 3. Nc3 Nf6 4. Nxe5 Nxe5 5. d4 Nc6 6. d5 Ne5 7. f4 Ng6 8. e5
Ng8 9. d6 c6 10. g3 f6 11. Qh5 fxe5 12. Bd3 Nh6 13. Bxg6+ hxg6 14. Qxg6+ Nf7
15. fxe5 Qa5 16. O-O 1-0

[Event "?"]
[Site "gics rated lightning game, gi"]
[Date "1997.??.??"]
[Round "?"]
[White "Brause"]
[Black "Wildsau"]
[Result "1-0"]
[WhiteElo "2240"]
[BlackElo "2370"]
[PlyCount "91"]

1. e4 e5 2. Nf3 Nc6 3. Nc3 Nf6 4. Nxe5 Nxe5 5. d4 Nc6 6. d5 Na5 7. e5 Qe7 8.
Qe2 Ng8 9. d6 Qh4 10. Nd5 Rb8 11. g3 Qd4 12. Nxc7+ Kd8 13. Bg5+ Be7 14. dxe7+
Nxe7 15. Bxe7+ Kxe7 16. Bg2 Qxb2 17. O-O Nc6 18. Qd2 Kf8 19. Qd6+ Kg8 20. Bxc6
bxc6 21. c4 Rb7 22. Na6 Qb6 23. Nc5 Rb8 24. Rad1 Ra8 25. e6 fxe6 26. Nxe6 dxe6
27. c5 Qa5 28. Qxc6 Kf7 29. Qxa8 Qxc5 30. Rc1 Qf8 31. Qxa7+ Kg6 32. Rc6 Qd8 33.
Rc7 Ba6 34. Rxg7+ Kh6 35. Rg4 Rg8 36. Qe3+ Rg5 37. h4 Kg7 38. Rxg5+ Qxg5 39.
Qxg5+ Kf7 40. Rd1 Bc8 41. Rd8 h6 42. Qf4+ Kg7 43. Rxc8 h5 44. Rc7+ Kg8 45. Qg5+
Kf8 46. Qd8# 1-0

[Event "?"]
[Site "gics rated lightning game, gi"]
[Date "1997.??.??"]
[Round "?"]
[White "Brause"]
[Black "Wildsau"]
[Result "1-0"]
[WhiteElo "2235"]
[BlackElo "2375"]
[PlyCount "59"]

1. e4 e5 2. Nf3 Nc6 3. Nc3 Nf6 4. Nxe5 Nxe5 5. d4 Nc6 6. d5 Ne5 7. f4 Ng6 8. e5
Ng8 9. d6 cxd6 10. exd6 Qh4+ 11. g3 Qf6 12. Nb5 Kd8 13. Be3 Qxb2 14. Bd4 Qb4+
15. c3 Qa5 16. f5 Ne5 17. Bxe5 a6 18. Qh5 axb5 19. Qxf7 Nh6 20. Bf6+ gxf6 21.
Qxf6+ Ke8 22. Be2 Ng4 23. Bxg4 h5 24. Kd2 Qxa2+ 25. Rxa2 Rxa2+ 26. Kd3 Ra1 27.
Rxa1 Rh7 28. Re1+ Be7 29. Rxe7+ Kd8 30. Qf8# 1-0

[Event "?"]
[Site "gics rated lightning game, gi"]
[Date "1997.??.??"]
[Round "?"]
[White "Brause"]
[Black "Wildsau"]
[Result "0-1"]
[WhiteElo "2235"]
[BlackElo "2375"]
[PlyCount "112"]

1. e4 e5 2. Nf3 Nc6 3. Nc3 Nf6 4. Nxe5 Nxe5 5. d4 Ng6 6. e5 Ng8 7. Bc4 d6 8.
Qf3 Qd7 9. O-O dxe5 10. dxe5 Nxe5 11. Re1 f6 12. Rxe5+ fxe5 13. Qh5+ Kd8 14.
Bxg8 Qf5 15. Bg5+ Kd7 16. Bb3 Bd6 17. Re1 Kc6 18. Qe2 a6 19. Bd5+ Kd7 20. Be3
c6 21. Be4 Qe6 22. Qd3 Kc7 23. Bxh7 e4 24. Qxe4 Qxe4 25. Bxe4 Bxh2+ 26. Kf1 Be5
27. Na4 Bg4 28. f3 Rh1+ 29. Ke2 Rxe1+ 30. Kxe1 Re8 31. Bb6+ Kb8 32. Bxc6 bxc6
33. fxg4 Bxb2+ 34. Kd2 Kb7 35. c3 Ba3 36. Kd3 Re5 37. Be3 Rd5+ 38. Ke4 Ra5 39.
Nb6 Be7 40. a4 Bd8 41. Nd7 Kc8 42. Nc5 Bb6 43. Nd3 Bxe3 44. Kxe3 Rxa4 45. Ne5
Kc7 46. c4 Ra2 47. g3 Kd6 48. Kd4 c5+ 49. Ke3 Kxe5 50. Kd3 Ra3+ 51. Kc2 Rxg3
52. g5 Kd4 53. g6 Rg2+ 54. Kb1 Kc3 55. Ka1 Kb3 56. Kb1 Rg1# 0-1

[Event "?"]
[Site "gics rated standard game, gic"]
[Date "1997.??.??"]
[Round "?"]
[White "Brause"]
[Black "Wildsau"]
[Result "1-0"]
[WhiteElo "2055"]
[BlackElo "2165"]
[PlyCount "123"]

1. e4 e5 2. Nf3 Nc6 3. Nc3 Nf6 4. Nxe5 Nxe5 5. d4 Ng6 6. e5 Ng8 7. Bc4 d6 8.
Qf3 Qd7 9. O-O dxe5 10. dxe5 Nxe5 11. Re1 Bd6 12. Bf4 f6 13. Bb5 c6 14. Rad1
Qe6 15. Qg3 g5 16. Bxe5 Bxe5 17. f4 cxb5 18. fxe5 Kf7 19. exf6 Qb6+ 20. Re3 h6
21. Qe5 Bg4 22. Rd6 Qc7 23. Qd5+ Kf8 24. Nxb5 Qh7 25. Rd8+ Rxd8 26. Qxd8+ Kf7
27. Nd6+ Kg6 28. f7 Nf6 29. f8=R Rxf8 30. Qxf8 Qg8 31. Qxg8+ Nxg8 32. Nxb7 Nf6
33. Ra3 Kf5 34. Rxa7 Ne4 35. c4 Ke5 36. c5 Kd4 37. c6 Kd5 38. Nd8 Nd6 39. Ra5+
Ke4 40. Ra4+ Kf5 41. c7 h5 42. h3 Be2 43. Kf2 Bd3 44. Rd4 Nc8 45. Rxd3 Ke4 46.
Rb3 Kd5 47. Rb8 Kd6 48. Rxc8 Kd7 49. Ra8 Kxc7 50. Ne6+ Kb7 51. Rg8 g4 52. hxg4
hxg4 53. Rxg4 Kc6 54. Rd4 Kb6 55. g4 Kc6 56. g5 Kb7 57. g6 Ka6 58. g7 Ka7 59.
Rd7+ Ka6 60. g8=Q Ka5 61. Qb8 Ka4 62. Ra7# 1-0

[Event "?"]
[Site "gics rated lightning game, gi"]
[Date "1997.??.??"]
[Round "?"]
[White "Brause"]
[Black "Wildsau"]
[Result "1-0"]
[WhiteElo "2245"]
[BlackElo "2365"]
[PlyCount "129"]

1. e4 e5 2. Nf3 Nc6 3. Nc3 Nf6 4. Nxe5 Nxe5 5. d4 Ng6 6. e5 Ng8 7. Bc4 d6 8.
Qf3 Qd7 9. O-O dxe5 10. dxe5 c6 11. Re1 Qc7 12. Bg5 Be6 13. Bxe6 fxe6 14. Rad1
Be7 15. Ne4 Nxe5 16. Qg3 Nf6 17. Bf4 Nfd7 18. Qxg7 Rf8 19. Ng5 Bxg5 20. Bxe5
Qd8 21. Bd6 Be7 22. Rxe6 Rf7 23. Qg8+ Rf8 24. Qg5 Rf7 25. Bxe7 Rxe7 26. Qg8+
Nf8 27. Rxd8+ Rxd8 28. Rxe7+ Kxe7 29. Qg7+ Ke8 30. g3 Rd7 31. Qe5+ Kf7 32. f4
Rd1+ 33. Kg2 Rd2+ 34. Kh3 a6 35. Qf5+ Kg8 36. Qg4+ Kf7 37. Qc8 Rd7 38. g4 Re7
39. f5 Kg8 40. Kg3 Rf7 41. Kf4 Kg7 42. Qb8 Ng6+ 43. Ke3 Re7+ 44. Kd4 Ne5 45.
Qxe5+ Rxe5 46. Kxe5 Kf7 47. g5 a5 48. h4 b5 49. h5 b4 50. g6+ hxg6 51. fxg6+
Kg7 52. Kf5 b3 53. cxb3 Kf8 54. h6 c5 55. g7+ Kf7 56. a3 a4 57. bxa4 c4 58. a5
c3 59. bxc3 Ke7 60. g8=Q Kd6 61. a6 Kc5 62. a7 Kb5 63. a8=Q Kc5 64. Qgd5+ Kb6
65. Qab7# 1-0

[Event "?"]
[Site "gics rated lightning game, gi"]
[Date "1997.??.??"]
[Round "?"]
[White "Brause"]
[Black "Wildsau"]
[Result "1-0"]
[WhiteElo "2260"]
[BlackElo "2345"]
[PlyCount "93"]

1. e4 e5 2. Nf3 Nc6 3. Nc3 Nf6 4. Nxe5 Nxe5 5. d4 Ng6 6. e5 Ng8 7. Bc4 d6 8.
Qf3 Qd7 9. O-O dxe5 10. dxe5 c6 11. Re1 Qc7 12. Bg5 Be6 13. Bxe6 fxe6 14. Rad1
Nxe5 15. Qh3 Ng6 16. Rxe6+ N8e7 17. Red6 Ne5 18. Ne4 Nf7 19. Bh4 b6 20. f3 c5
21. Bg3 Qc8 22. Rd7 Qc6 23. Nd6+ Nxd6 24. R1xd6 Qa4 25. Qh5+ g6 26. Qe5 Rg8 27.
Qe6 Rg7 28. Be5 Rf7 29. Rc7 Bh6 30. Bf6 Kf8 31. Bxe7+ Kg8 32. Bg5 Qe8 33. Re7
Qxe7 34. Bxe7 Re8 35. Rd8 Rxd8 36. Bxd8 Bg7 37. c3 Bh6 38. Kf2 Bc1 39. b3 Kg7
40. Qe5+ Kh6 41. h4 Rd7 42. Bg5+ Bxg5 43. hxg5+ Kh5 44. Qf4 Rd2+ 45. Qxd2 c4
46. Qf4 cxb3 47. Qg4# 1-0

[Event "?"]
[Site "gics rated lightning game, gi"]
[Date "1997.??.??"]
[Round "?"]
[White "Brause"]
[Black "Wildsau"]
[Result "1-0"]
[WhiteElo "2270"]
[BlackElo "2335"]
[PlyCount "73"]

1. e4 e5 2. Nf3 Nc6 3. Nc3 Nf6 4. Nxe5 Nxe5 5. d4 Ng6 6. e5 Ng8 7. Bc4 d6 8.
Qf3 Qd7 9. O-O dxe5 10. dxe5 Nxe5 11. Re1 f6 12. Rxe5+ fxe5 13. Qh5+ Kd8 14.
Bxg8 Qf5 15. Bg5+ Be7 16. Bxe7+ Kxe7 17. Qh4+ Ke8 18. Nd5 Qd7 19. Re1 Qd6 20.
Qh5+ g6 21. Rxe5+ Kf8 22. Qh6+ Kxg8 23. Re8+ Kf7 24. Rxh8 Qxd5 25. Qxh7+ Kf6
26. Rf8+ Ke5 27. Qxc7+ Qd6 28. f4+ Kd5 29. c4+ Kd4 30. Qxd6+ Kxc4 31. Re8 Bf5
32. Qc7+ Kd4 33. Qc3+ Kd5 34. Re5+ Kd6 35. Qc5+ Kd7 36. Re7+ Kd8 37. Qc7# 1-0

[Event "?"]
[Site "gics rated lightning game, gi"]
[Date "1997.??.??"]
[Round "?"]
[White "Brause"]
[Black "Wildsau"]
[Result "0-1"]
[WhiteElo "2275"]
[BlackElo "2325"]
[PlyCount "144"]

1. e4 e5 2. Nf3 Nc6 3. Nc3 Nf6 4. Nxe5 Nxe5 5. d4 Ng6 6. e5 Ng8 7. Bc4 d6 8.
Qf3 Qd7 9. O-O dxe5 10. dxe5 c6 11. Re1 Qc7 12. Bg5 Be6 13. Bxe6 fxe6 14. Rad1
Be7 15. Ne4 Nxe5 16. Qg3 Nf6 17. Bf4 Nfd7 18. Qxg7 Rf8 19. Bxe5 Nxe5 20. Qxh7
Rd8 21. Ng5 Rxd1 22. Rxd1 Qc8 23. Ne4 Nf7 24. Qg6 Rh8 25. h3 Rf8 26. a3 Rh8 27.
c4 Kf8 28. Nf6 Bxf6 29. Qxf6 e5 30. c5 Rh6 31. Qf3 Rh4 32. Qe3 Qf5 33. Qc3 Rf4
34. Rd2 e4 35. Qe3 Kg7 36. Qg3+ Kh8 37. Rd4 Kh7 38. Rb4 Nd8 39. Qe3 a5 40. Ra4
Ne6 41. Rxa5 Qe5 42. b4 Nd4 43. Ra7 Qb8 44. Kh1 Rf5 45. Qxd4 Kg8 46. Ra4 Rd5
47. Qc4 Qf4 48. Ra7 Qb8 49. Ra5 Qf4 50. Ra8+ Kg7 51. Qc2 Rd2 52. Qc3+ Kf7 53.
Qb3+ Ke7 54. Rg8 Qe5 55. Qg3 Qxg3 56. Rxg3 Rxf2 57. Rg7+ Ke6 58. Rxb7 e3 59.
Kg1 Rf8 60. Rb8 Rxb8 61. Kf1 Kf5 62. Ke2 Ke4 63. h4 Rg8 64. g3 Rxg3 65. a4 Rg2+
66. Ke1 Kf3 67. Kd1 Rg1+ 68. Kc2 e2 69. h5 e1=Q 70. Kb3 Qe3+ 71. Kc2 Rg2+ 72.
Kb1 Qg1# 0-1

[Event "?"]
[Site "gics rated lightning game, gi"]
[Date "1997.??.??"]
[Round "?"]
[White "Brause"]
[Black "Pfiffigunde"]
[Result "1-0"]
[WhiteElo "2265"]
[BlackElo "1805"]
[PlyCount "53"]

1. e4 e5 2. Nf3 Nf6 3. Nc3 Nc6 4. Nxe5 Nxe5 5. d4 Ng6 6. e5 d6 7. exf6 Qxf6 8.
Qe2+ Qe7 9. Nd5 Qxe2+ 10. Bxe2 Kd8 11. Bd2 c6 12. Ne3 d5 13. c4 Be6 14. cxd5
Bxd5 15. Nxd5 cxd5 16. Bf3 Bd6 17. Bxd5 Re8+ 18. Be3 Bf4 19. Bxf7 Re7 20. Bxg6
hxg6 21. Kd2 Bxe3+ 22. fxe3 Rc8 23. Rac1 Rec7 24. e4 Kd7 25. Rxc7+ Rxc7 26. Rc1
Rxc1 27. Kxc1 1-0

[Event "?"]
[Site "gics rated lightning game, gi"]
[Date "1997.??.??"]
[Round "?"]
[White "Brause"]
[Black "Pfiffigunde"]
[Result "1-0"]
[WhiteElo "2265"]
[BlackElo "1805"]
[PlyCount "33"]

1. e4 e5 2. Nf3 Nf6 3. Nc3 Nc6 4. Nxe5 Nxe5 5. d4 Ng6 6. e5 Ng8 7. Bc4 c6 8.
Qf3 f6 9. O-O d5 10. exd6 Bxd6 11. Ne4 Be7 12. Be3 Nh6 13. Bxh6 gxh6 14. Rad1
Bd7 15. Qe3 Qb6 16. Nd6+ Kf8 17. Qxh6# 1-0